Mathematical modeling of the stable gas condensate processing on a zeolite catalyst; Химия и химическая технология в XXI веке; Т. 2

Detalhes bibliográficos
Parent link:Химия и химическая технология в XXI веке: материалы XXII Международной научно-практической конференции студентов и молодых ученых имени выдающихся химиков Л. П. Кулёва и Н. М. Кижнера, посвященной 125-летию со дня основания Томского политехнического университета, Томск, 17-20 мая 2021 г./ Национальный исследовательский Томский политехнический университет (ТПУ) ; Инженерная школа природных ресурсов ; Исследовательская школа химических и биомедицинских технологий.— , 2021
Т. 2.— 2021.— [С. 190-192]
Autor principal: Bykov R. A.
Autor Corporativo: Национальный исследовательский Томский политехнический университет Инженерная школа природных ресурсов Отделение химической инженерии
Outros Autores: Kirgina M. V. Mariya Vladimirovna (научный руководитель)
Resumo:Заглавие с титульного экрана
Idioma:inglês
Publicado em: 2021
Colecção:Химия и химическая технология на иностранном языке (английский)
Assuntos:
Acesso em linha:http://earchive.tpu.ru/handle/11683/67736
Formato: MixedMaterials Recurso Electrónico Capítulo de Livro
KOHA link:https://koha.lib.tpu.ru/cgi-bin/koha/opac-detail.pl?biblionumber=632955

MARC

LEADER 00000naa2a2200000 4500
001 632955
005 20240208111649.0
035 |a (RuTPU)RU\TPU\conf\34677 
035 |a RU\TPU\conf\34673 
090 |a 632955 
100 |a 20210603d2021 k y0rusy50 ba 
101 0 |a eng 
102 |a RU 
105 |a y z 101zy 
135 |a drgn ---uucaa 
181 0 |a i  
182 0 |a b 
200 1 |a Mathematical modeling of the stable gas condensate processing on a zeolite catalyst  |f R. A. Bykov, M. V. Kirgina  |g sci. adv. M. V. Kirgina, ling. adv. M. V. Kirgina 
203 |a Текст  |c электронный 
225 1 |a Химия и химическая технология на иностранном языке (английский) 
300 |a Заглавие с титульного экрана 
320 |a [Библиогр.: с. 192 (2 назв.)] 
461 1 |0 (RuTPU)RU\TPU\conf\34506  |t Химия и химическая технология в XXI веке  |o материалы XXII Международной научно-практической конференции студентов и молодых ученых имени выдающихся химиков Л. П. Кулёва и Н. М. Кижнера, посвященной 125-летию со дня основания Томского политехнического университета, Томск, 17-20 мая 2021 г.  |o в 2 т.  |f Национальный исследовательский Томский политехнический университет (ТПУ) ; Инженерная школа природных ресурсов ; Исследовательская школа химических и биомедицинских технологий  |d 2021 
463 1 |0 (RuTPU)RU\TPU\conf\34508  |t Т. 2  |v [С. 190-192]  |d 2021 
610 1 |a труды учёных ТПУ 
610 1 |a электронный ресурс 
610 1 |a математическое моделирование 
610 1 |a переработка 
610 1 |a газовые конденсаты 
610 1 |a цеолитные катализаторы 
610 1 |a высокоактановые бензины 
700 1 |a Bykov  |b R. A. 
701 1 |a Kirgina  |b M. V.  |c Chemical Engineer  |c Associate Professor of Tomsk Polytechnic University, Candidate of Technical Sciences  |f 1988-  |g Mariya Vladimirovna  |3 (RuTPU)RU\TPU\pers\31994  |9 16054 
702 1 |a Kirgina  |b M. V.  |c Chemical Engineer  |c Associate Professor of Tomsk Polytechnic University  |f 1988-  |g Mariya Vladimirovna  |4 727 
702 1 |a Kirgina  |b M. V.  |c Chemical Engineer  |c Associate Professor of Tomsk Polytechnic University  |f 1988-  |g Mariya Vladimirovna  |4 730 
712 0 2 |a Национальный исследовательский Томский политехнический университет  |b Инженерная школа природных ресурсов  |b Отделение химической инженерии  |3 (RuTPU)RU\TPU\col\23513 
801 2 |a RU  |b 63413507  |c 20210625  |g RCR 
856 4 |u http://earchive.tpu.ru/handle/11683/67736 
942 |c BK